000 00777nmc a2200301 a 4500
003 AR-BaBNM
005 20251128204936.0
008 011101s1994 ||||||||||||||000 | spa||
020 _a950-13-6615-4
040 _cAR-BaBNM
100 1 _aDieckert, J.
245 1 0 _aGimnasia, deporte y juego
260 _aBuenos Aires
_bKapelusz
_c1994
300 _a163 p.
_bil., tablas
490 0 _aEducación física
650 4 _aEDUCACION FISICA
650 4 _aDEPORTE
650 4 _aACTIVIDADES DEPORTIVAS
650 4 _aEQUIPO DEPORTIVO
650 4 _aEJERCICIOS FISICOS
653 _aEDUCACION PRIMARIA
653 _aEDUCACION SECUNDARIA
700 1 _aKreiss, F.
700 1 _aMeusel, H.
700 1 _aHardekopf, Christina
_etraductor
942 _cBK
998 _cSILVI
999 _c9424
_d9424